Obálka Náhled e-knihy:
PDF
Pro půjčování e-knih musíte být přihlášeni.
Jak si půjčit online?

Přijímací zkoušky na víceletá gymnázia. Matematika /

Kniha umožní žákům 5. ročníků cílenou přípravu na úspěšné zvládnutí didaktického testu z matematiky, který je součástí jednotných přijímacích zkoušek na osmiletá gymnázia.

Uloženo v:
Hlavní autor: Sedláček, Stanislav (Autor)
Médium: E-kniha
Jazyk:Czech
Vydáno: V Brně : Edika, 2023
Vydání:3. vydání
Témata:
Tagy:
Žádné tagy
LEADER 02765nam a2200601 i 4500
001 311997
003 CZ PrSKC
005 20260601215715.0
007 ta
008 230714s2023 xr a c p 000 0 cze
015 |a cnb003533277 
020 |a 9788026618812  |q (brožováno) :  |c Kč 249,00 
035 |a (OCoLC)1078645147 
035 |a (OCoLC)1310112273 
035 |a (OCoLC)1396729671 
040 |a BOA001  |b cze  |e rda 
072 7 |a 51  |x Matematika  |2 Konspekt 
072 7 |a 37.016  |x Učební osnovy. Vyučovací předměty. Učebnice  |2 Konspekt 
080 |a 51  |2 MRF 
080 |a 373.3.016  |2 MRF 
080 |a 37.091.212.2  |2 MRF 
080 |a 373.5-021.311  |2 MRF 
080 |a (076.1/.3)  |2 MRF 
080 |a (079.1)  |2 MRF 
100 1 |a Sedláček, Stanislav  |7 jo20231197565  |4 aut 
245 1 0 |a Přijímací zkoušky na víceletá gymnázia.  |p Matematika /  |c Stanislav Sedláček 
246 3 0 |a Matematika 
250 |a 3. vydání 
264 1 |a V Brně :  |b Edika,  |c 2023 
300 |a 156 stran, 20 nečíslovaných stran :  |b ilustrace (některé barevné) ;  |c 25 cm 
336 |a text  |b txt  |2 rdacontent 
337 |a bez média  |b n  |2 rdamedia 
338 |a svazek  |b nc  |2 rdacarrier 
520 2 |a Kniha umožní žákům 5. ročníků cílenou přípravu na úspěšné zvládnutí didaktického testu z matematiky, který je součástí jednotných přijímacích zkoušek na osmiletá gymnázia.  |b Kniha obsahuje rozsáhlou sbírku úloh, rozdělených podle jednotlivých oblastí učiva, a 5 cvičných didaktických testů. V závěru knihy je pak uveden klíč správných odpovědí ke všem úlohám a záznamové archy k vystřižení. Nakladatelská anotace. Kráceno. 
521 8 |a Pro 5. třídu 
650 0 7 |a matematika  |7 ph117231  |x úlohy  |2 czenas 
650 0 7 |a učivo základních škol  |7 ph136701  |2 czenas 
650 0 7 |a přijímací zkoušky  |7 ph124916  |2 czenas 
650 0 7 |a gymnázia  |7 ph114644  |2 czenas 
650 0 9 |a mathematics  |x problems, exercises, etc.  |2 eczenas 
650 0 9 |a elementary school curriculum  |2 eczenas 
650 0 9 |a entrance examinations  |2 eczenas 
650 0 9 |a high schools  |2 eczenas 
655 7 |a sbírky úloh  |7 fd132056  |2 czenas 
655 7 |a testy  |7 fd133697  |2 czenas 
655 9 |a examinations, questions, etc.  |2 eczenas 
655 9 |a tests  |2 eczenas 
900 |a ABA001  |b 19 
928 9 |a Albatros Media - Edika 
044 |a xr 
910 |a RBIT002 
998 |d 380576  |a https://core.palmknihy.cz/api/books/380576/cover?sic75a  |b https://core.palmknihy.cz/api/books/380576/cover/400?sic75a  |c https://core.palmknihy.cz/api/books/380576/cover/50?sic75a  |e 2032-12-31  |g 176  |i 9788026618812  |k https://core.palmknihy.cz/api/books/380576/preview.pdf  |l   |q 49  |r 1  |s https://www.palmknihy.cz/kniha/380576  |t ebook  |y 2023  |z 0 
999 |d 311995